On This Day (April 25th) Multiple Choice - Statistics

General Stats
  • This quiz has been taken 11 times
  • The average score is 4 of 15
Answer Stats
Question Answer % Correct
1859 – British and French engineers break ground for which construction project ? Suez Canal
83%
1792 – Highwayman Nicolas J. Pelletier becomes the first person to be executed by what means ? Guillotine
50%
1990 – Violeta Chamorro becomes the first woman to take office as the President of which country ? Nicaragua
50%
1983 – American schoolgirl Samantha Smith is invited to visit the Soviet Union by its leader Yuri Andropov after he read her letter in which she expressed fears about what ? Nuclear War
50%
2005 – Which two countries sign accession treaties to join the European Union ? Bulgaria and Romania
33%
1945 – Founding negotiations for the United Nations begin in which city ? San Francisco
33%
1960 – Which United States Navy submarine completes the first submerged circumnavigation of the globe ? USS Triton
33%
2001 – Michele Alboreto is killed while testing which car at the Lausitzring in Germany ? Audi R8
17%
1940 – The flag of which island group is approved by the British occupation government ? Faroe Islands
17%
2005 – The final piece of the Obelisk of Axum is returned to Ethiopia after being stolen by which army in 1937 ? Italian
17%
1983 – Pioneer 10 travels beyond the orbit of which heavenly body ? Pluto
17%
799 – After mistreatment and disfigurement by the citizens of Rome, which Pope flees to the Frankish court of King Charlemagne at Paderborn for protection ? Pope Leo III
17%
1134 – Which city was mentioned for the first time in the Felician Charter relating to the establishment of the _____ Bishopric around 1094 ? Zagreb
17%
1901 – New York becomes the first U.S. state to require what ? Automobile License Plates.
0%
1954 – Bell Telephone Laboratories publicly demonstrates the first practical what ? Solar Cell
0%
No matching quizzes found
Score Distribution
Percent of People with Each Score
Percentile by Number Answered
Your Score History
You have not taken this quiz